Rainer Werner Fassbinder.
Saved in:
| Andre forfattere: | |
|---|---|
| Format: | Bog |
| Sprog: | italiensk |
| Udgivet: |
Roma :
Edizioni Carte Segrete,
1992
|
| Fag: | |
| Tags: |
Ingen Tags, Vær først til at tagge denne postø!
|
MARC
| LEADER | 00000nam a22000007i 4500 | ||
|---|---|---|---|
| 001 | IT\ICCU\LO1\0409676 | ||
| 003 | ItRI | ||
| 005 | 20260115231943.0 | ||
| 008 | 981109s1992 it |||||| ||||| |||||c | ||
| 020 | |a 8885203450 | ||
| 040 | |b ita |c importazione bologna sebina | ||
| 041 | 7 | |a ita |2 ISO-639-2 | |
| 245 | 0 | 0 | |a Rainer Werner Fassbinder. |
| 260 | |a Roma : |b Edizioni Carte Segrete, |c 1992 | ||
| 300 | |a 119 p. : |b ill ; |c 29 cm | ||
| 500 | |a Catalogo realizzato per la retrospettiva cinematografica Roma, Milano 1992 / a cura di Giovanni Spagnoletti. | ||
| 650 | 7 | |a Fassbinder, Rainer Werner | |
| 700 | 1 | |a Spagnoletti, Giovanni, |d (1949- ) |0 IT\ICCU\CFIV\023144 | |
| 942 | |2 ddc |c BK |n 0 | ||
| 952 | |0 0 |1 0 |4 0 |6 DOC_791_430000000000000_SPA |7 0 |9 17733 |a BO |b BO |d 2026-01-15 |i 11336 |l 0 |o DOC 791.430 SPA |p BO11336 |r 2026-01-15 23:19:43 |w 2026-01-15 |x [Sebina 7] [1 v. (2. copia)] |y BK |z 1 v. (2. copia) | ||
| 952 | |0 0 |1 0 |4 0 |6 DOC_791_430000000000000_SPA |7 0 |9 17734 |a BO |b BO |d 2026-01-15 |i 5254 |l 0 |o DOC 791.430 SPA |p BO5254 |r 2026-01-15 23:19:43 |w 2026-01-15 |x [Sebina 7] [1 v.] |y BK |z 1 v. | ||
| 999 | |c 15095 |d 15095 | ||